000 00910nam a22002057a 4500
008 140206b xxu||||| |||| 00| 0 eng d
020 _a282540988X
050 _aBX6 .W77
_bL47 1990
245 _aLet the spirit speak to the churches :
_ba guide for the study of the theme and the issues
_cWorld Council of Churches, Seventh Assembly, 1991.
260 _aGeneva,
_bWCC Publications
_c1990
300 _axi, 25 p. ;
_bill ;
_c 22 cm.
500 _a"February 7-20, Canberra, Australia"--P. 4 of cover.
500 _aBooklet provides a shorter version of papers on themes designed for churches and groups.
520 _aAtonement
610 _2World Council of Churches.
_bAssembly|n(7th :
_cCanberra, A.C.T.
_d1991
650 _aChristian union
_vCongresses
650 _aHoly Spirit
_vCongresses.
710 _aWorld Council of Churches.
_bAssembly
_cCanberra, A.C.T.
_d1991 :
942 _2lcc
_cBK
999 _c43011
_d43011